| 000 | 01231nam a2200325 c 4500 | ||
|---|---|---|---|
| 001 | BV012013779 | ||
| 003 | DE-604 | ||
| 005 | 20210714123803.0 | ||
| 007 | t | ||
| 008 | 980622s1997 |||| 00||| rus d | ||
| 020 |
_a5888340332 _95-88834-033-2 |
||
| 035 | _a(OCoLC)163758963 | ||
| 035 | _a(DE-599)BVBBV012013779 | ||
| 040 |
_aDE-604 _bger _cRU-10907106 |
||
| 041 | 0 | _arus | |
| 245 | 1 | 0 |
_aOtkrytyj archiv _bspravočnik opublikovannych dokumentov po istorii Rossii XX veka iz gosudarstvcennych i semejnych archivov ; (po otečestvennoj periodike 1985 - 1995 gg.) _csost. I. A. Kondakova |
| 264 | 1 |
_aMoskva _bIzdat. ZAO Print-Servis _c1997 |
|
| 300 | _a363 Seiten | ||
| 336 |
_aText _btxt _2rdacontent |
||
| 337 |
_aohne Hilfsmittel zu benutzen _bn _2rdamedia |
||
| 338 |
_aBand _bnc _2rdacarrier |
||
| 648 | 7 |
_aGeschichte 1918-1991 _2gnd _9rswk-swf |
|
| 648 | 7 |
_aGeschichte 1890-1917 _2gnd _9rswk-swf |
|
| 650 | 0 | 7 |
_aQuelle _0(DE-588)4135952-5 _2gnd _9rswk-swf |
| 651 | 7 |
_aSowjetunion _0(DE-588)4077548-3 _2gnd _9rswk-swf |
|
| 651 | 7 |
_aRussland _0(DE-588)4076899-5 _2gnd _9rswk-swf |
|
| 655 | 7 |
_0(DE-588)4006432-3 _aBibliografie _y1985-1995 _2gnd-content |
|
| 700 |
_4edt _aKondakova, Irina _eHerausgeberIn |
||
| 942 | 1 | 1 |
_2z _cMG |
| 999 |
_c57094 _d57094 |
||